000 00885cam a2200313 4500
001 a436945
003 DO-SdBNP
005 20171121135850.0
007 a436945
008 081104s2008 mx | |||| 000 f spa
015 _a
017 _a
_b
020 _a9789705804465
035 _a
040 _aBPMSU
_bspa
_cBPMSU
_e
080 _a
082 4 _aM863.4
_bF954L
100 1 _aFuentes, Carlos
_d1928-2012
245 1 0 _aLa voluntad y la fortuna /
_h
_cCarlos Fuentes
260 0 _aMéxico, D.F.:
_bAlfaguara,
_c2008
300 _a552 p.;
_c24 cm
500 _3Incluye datos biográficas del autor en la solapa de la cubierta
650 4 _aNOVELA MEXICANA
650 4 _aLITERATURA MEXICANA
910 _aValidado. Control de calidad MFF
942 _2ddc
_cBK
945 _aInnventariado extranjero / 2017 VM
956 _a VMATEO
_b10
_c20160707
_dBPMSU
_f00069
999 _c10761
_d10761